书目信息 |
| 题名: |
中国历代国家藏书机构及名家藏读叙传选
|
|
| 作者: | 袁咏秋 , 曾季光 主编 | |
| 分册: | ||
| 出版信息: | 北京 北京大学出版社 1997.12 |
|
| 页数: | 461页 | |
| 开本: | 32开 | |
| 丛书名: | ||
| 单 册: | ||
| 中图分类: | G259.29 | |
| 科图分类: | ||
| 主题词: | 藏书楼--史料--中国 | |
| 电子资源: | ||
| ISBN: | 7-301-03050-9 | |
| 000 | 00685nam0 2200205 45 | |
| 001 | 0110310907 | |
| 005 | 20031219104051.4 | |
| 010 | @a7-301-03050-9@b精装@dCNY28.00 | |
| 100 | @a20011031d1997 km y0chiy0120 ea | |
| 101 | 0 | @achi |
| 105 | @a z 000yy | |
| 200 | 1 | @a中国历代国家藏书机构及名家藏读叙传选@AZhong Guo Li Dai Guo Jia Cang Shu Ji Gou Ji Ming Jia Cang Du Xu Chuan Xuan@f袁咏秋,曾季光主编@FYuan Yong Qiu,Ceng Ji Guang Zhu Bian |
| 210 | @a北京@c北京大学出版社@d1997.12 | |
| 215 | @a461页@d32开 | |
| 606 | 0 | @a藏书楼@x史料@y中国 |
| 690 | @aG259.29@v4 | |
| 701 | @a袁咏秋@4主编 | |
| 701 | 0 | @a曾季光@4主编 |
| 801 | @aCN@bTSTC@c20011031 | |
| 905 | @f2@b300382-383@dG259.29@e15 | |
| 中国历代国家藏书机构及名家藏读叙传选/袁咏秋,曾季光主编.-北京:北京大学出版社,1997.12 |
| 461页;32开 |
| ISBN 7-301-03050-9(精装):CNY28.00 |
| ● |
| 相关链接 |
|
|
|
|
正题名:中国历代国家藏书机构及名家藏读叙传选
索取号:G259.29/15
 
预约/预借
| 序号 | 登录号 | 条形码 | 馆藏地/架位号 | 状态 | 备注 |
| 1 | 0063908 | 000990529 | 第一样本阅览室/ [索取号:G259.29/15] | 在馆 | |
| 2 | 0300382 | 203003828 | 第四借阅区/ [索取号:G259.29/15] | 在馆 | |
| 3 | 0300383 | 203003837 | 第四借阅区/ [索取号:G259.29/15] | 在馆 |